Countries Closest to Ecuador - Sudden Death - Statistics

General Stats
  • This quiz has been taken 26 times
  • The average score is 6 of 15
Answers on the Grid
Answers color-coded by a green-red scale on the quiz's grid according to % correct below.
Colombia
Peru
Brazil
Panama
Costa Rica
Venezuela
Nicaragua
Bolivia
El Salvador
Guatemala
Honduras
Mexico
Belize
Guyana
Chile
United States
Canada
Jamaica
Dominican Republic
Haiti
Bahamas
Cuba
Trinidad and Tobago
Antigua and Barbuda
Dominica
Suriname
Paraguay
Uruguay
Argentina
Saint Lucia
 
Answer Stats
Answer % Correct
Peru
74%
Bolivia
68%
Venezuela
68%
Brazil
63%
Colombia
58%
Chile
53%
Panama
42%
Costa Rica
32%
Guyana
26%
Honduras
26%
El Salvador
21%
Nicaragua
16%
Guatemala
11%
Mexico
5%
Belize
0%
No matching quizzes found
Score Distribution
Percent of People with Each Score
Percentile by Number Answered
Your Score History
You have not taken this quiz